| 000 | 01319nam a2200217 a 4500 | ||
|---|---|---|---|
| 001 | 000010982 | ||
| 005 | 20240307073941.0 | ||
| 008 | 091013s2009 dr r 001 0 spa d | ||
| 020 | _a9789993425885 | ||
| 040 |
_aDO-SdBNP _bspa _cBNPHU |
||
| 082 |
_a378.1012 _bI59r, 2009 |
||
| 110 | 2 |
_aInstituto Tecnológico de Santo Domingo _978911 |
|
| 245 | 1 | 0 |
_aReglamento del personal académico : _baprobado en consejo académico mediante resolución no. 02-06/2009 /. |
| 260 |
_aSanto Domingo : _bINTEC, _c2009. |
||
| 300 |
_a65 p. ; _c22 cm. |
||
| 505 | 0 | _aPresentación-- Definición y objetivos -- De las clasificaciones del personal académico -- De los requesitos de contratación -- De las funciones -- De los derecho y deberes -- De los procedimientos de contración -- De la Remuneración -- Del desarrollo profesoral -- De la evaluación y seguimiento -- De los reconocimientos -- De las faltas y medidas disciplinarias -- De las licencias de los miembros del personal académico -- De la carrera académica -- De la clasificación docente para profesorado por asignatura -- De las disposiciones generales. | |
| 590 | _aInventariado, 2018/BT | ||
| 610 | 0 |
_aINSTITUTO TECNOLÓGICO DE SANTO DOMINGO _vREGLAMENTOS _91629 |
|
| 650 | 4 |
_aUniversidades _vREGLAMENTOS _91627 |
|
| 910 | _aValidado. Control de calidad. MMOLINA | ||
| 999 |
_c10720 _d10720 |
||